| 000 | 00982nam a22002897a 4500 | ||
|---|---|---|---|
| 001 | 93 | ||
| 003 | BD-RjUL | ||
| 005 | 20211208233119.0 | ||
| 008 | 131116s1944 nyuado| |||| 001 0 eng d | ||
| 035 | _a(BD-RjUL) 102 | ||
| 040 |
_a(OCoLO)348535 _beng _cBD-RjUL _dBD-RjUL |
||
| 041 | _aeng | ||
| 082 | 0 | 4 |
_220 _a551.6 _bHAC 1944 |
| 100 | 1 |
_aHaurwitz, Bernhard. _9311 |
|
| 245 | 1 |
_aClimatology / _cJames M. Austin. |
|
| 250 | _a1st ed. | ||
| 260 |
_aNew York ; _bMcGraw-Hill Book Co. , _cc 1944. |
||
| 260 |
_aLondon : _bMcGraw-Hill Book Co. , _cc 1944. |
||
| 300 |
_axi, 410 p. fold. front., charts (17 fold. in pocket) : _bill. ; _c23 cm. |
||
| 504 | _aInclude index. | ||
| 526 |
_aClimatology _bScience |
||
| 650 | 7 |
_2SLSH _aClimatology. _9312 |
|
| 650 | 7 |
_2SLSH _aClimatologie. _9313 |
|
| 700 | 1 |
_aAustin, Jamees M. _9314 |
|
| 856 |
_3WorldCat details _uhttp://www.worldcat.org/title/climatology/oclc/348535&referer=brief_results#relatedsubjects |
||
| 942 |
_2ddc _cBK _02 |
||
| 999 |
_c93 _d93 |
||